| 000 | 00646nam a2200205 a 4500 | ||
|---|---|---|---|
| 001 | 000030078 | ||
| 005 | 20200930060026.0 | ||
| 008 | 110428s2006 dr a 000 0 spa d | ||
| 020 | _z9993459046 | ||
| 040 |
_aDO-SdBNP _bspa _cBNPHU |
||
| 082 |
_axxx _bM553g |
||
| 100 | 1 |
_aMercedes, José Ramón _956785 |
|
| 245 | 1 | 0 |
_aCultivo de bambú : _bGuía técnica / _cJosé Ramón Mercedes. |
| 260 |
_aSanto Domingo : _bCentro para el Desarrollo Agropecuario y Forestal (CEDAF), _c2006. |
||
| 300 |
_a37 p. : _bil. ; _c28p. |
||
| 490 | 1 | _aRecursos naturales | |
| 504 | _aBibliografía : p. 37 | ||
| 830 | 0 |
_aRecursos naturales _956786 |
|
| 049 | _aBNPD | ||
| 999 |
_c29570 _d29570 |
||